[Event "CZE-chT2F 1819"]
[Site "Czech Republic"]
[Date "2019.02.24"]
[Round "9.6"]
[White "Dobes, Ludek"]
[Black "Olsar, Jaroslav"]
[Result "0-1"]
[WhiteElo "2008"]
[BlackElo "2216"]
[PlyCount "86"]
[EventDate "2018.10.14"]
[EventType "team-tourn"]
[EventRounds "11"]
[EventCountry "CZE"]
[SourceTitle "EXT 2022"]
[Source "ChessBase"]
[SourceDate "2021.10.06"]
[SourceVersion "1"]
[SourceVersionDate "2021.10.06"]
[SourceQuality "1"]
[WhiteTeam "Poruba Slavoj III"]
[BlackTeam "Karvina"]
[WhiteTeamCountry "CZE"]
[BlackTeamCountry "CZE"]

1. d4 Nf6 2. Nf3 d5 3. c4 c6 4. cxd5 cxd5 5. Nc3 Nc6 6. Bf4 Bf5 7. e3 e6 8. Bb5 Nd7 9. Bxc6 bxc6 10. 0-0 Be7 11. Rc1 0-0 12. Na4 Rc8 13. Ne5 Nxe5 14. Bxe5 Qa5 15. Qb3 Qb5 16. Nc5 a5 17. Qc3 Rfd8 18. a3 Ra8 19. h3 Ra7 20. f3 Bg6 21. Rf2 h6 22. g4 Rc8 23. Bg3 Qb6 24. h4 Qb5 25. h5 Bh7 26. Bf4 Qb6 27. Rg2 Qd8 28. Kh1 Qf8 29. Rcg1 Bxc5 30. dxc5 f6 31. Bd6 Qf7 32. Qe1 a4 33. Qc3 Rb7 34. Kh2 Rb3 35. Qe1 Ra8 36. Qd2 Kh8 37. f4 Be4 38. Rg3 Qb7 39. Kh3 Rxb2 40. Qd4 Qb3 41. Qd1 Qa2 42. Kh4 Rh2+ 43. Rh3 Bg2 0-1

[Event "CZE-chT2F 1819"]
[Site "Czech Republic"]
[Date "2018.11.04"]
[Round "2.4"]
[White "Dobes, Ludek"]
[Black "Mrva, Marek"]
[Result "1-0"]
[WhiteElo "2008"]
[BlackElo "2138"]
[PlyCount "111"]
[EventDate "2018.10.14"]
[EventType "team-tourn"]
[EventRounds "11"]
[EventCountry "CZE"]
[SourceTitle "EXT 2022"]
[Source "ChessBase"]
[SourceDate "2021.10.06"]
[SourceVersion "1"]
[SourceVersionDate "2021.10.06"]
[SourceQuality "1"]
[WhiteTeam "Poruba Slavoj III"]
[BlackTeam "Poruba Slavoj II"]
[WhiteTeamCountry "CZE"]
[BlackTeamCountry "CZE"]

1. d4 Nf6 2. Nf3 c5 3. c3 b6 4. Bg5 e6 5. e3 Bb7 6. Bd3 Be7 7. Nbd2 d5 8. h3 h6 9. Bf4 0-0 10. 0-0 Bd6 11. Bxd6 Qxd6 12. Ne5 Nbd7 13. f4 Ne4 14. Nxe4 dxe4 15. Nxd7 Qxd7 16. Be2 cxd4 17. Qxd4 Qxd4 18. cxd4 Rfc8 19. Rfc1 Kf8 20. Kf2 Ke7 21. Ke1 Kd6 22. Kd2 g5 23. Rxc8 Rxc8 24. fxg5 hxg5 25. g3 f5 26. h4 gxh4 27. gxh4 Rg8 28. Rh1 f4 29. h5 f3 30. Bf1 Rh8 31. Rh4 Rh6 32. Bb5 e5 33. dxe5+ Kxe5 34. Be8 Rf6 35. h6 f2 36. Bb5 Rf8 37. h7 Rh8 38. Ke2 Kf6 39. Bc4 Kg5 40. Rh1 Bc8 41. Bg8 Bf5 42. Kxf2 Bg6 43. Ke2 Kf6 44. Kd2 Ke5 45. Kc3 Bf5 46. Rh5 Kf6 47. Kd4 Bg6 48. Rh1 Bf5 49. Kd5 b5 50. Kc6 a6 51. Kb6 Bc8 52. Rc1 Bf5 53. Rc7 Kg5 54. Kxa6 Kg4 55. Kxb5 Kf3 56. Rf7 1-0

[Event "Wch Seniors 50 26th"]
[Site "Marianske Lazne"]
[Date "2016.11.24"]
[Round "6"]
[White "Dobes, Ludek"]
[Black "Mazzamuto, Nicola"]
[Result "0-1"]
[WhiteElo "2038"]
[BlackElo "1903"]
[PlyCount "62"]
[EventDate "2016.11.19"]
[EventType "swiss"]
[EventRounds "11"]
[EventCountry "CZE"]
[SourceTitle "CBM 175 Extra"]
[Source "ChessBase"]
[SourceDate "2016.12.12"]
[SourceVersion "1"]
[SourceVersionDate "2016.12.12"]
[SourceQuality "1"]

1. d4 e6 2. Nf3 b6 3. c4 Bb7 4. e3 g6 5. Bd3 Bg7 6. 0-0 Ne7 7. Nbd2 d6 8. Qc2 Nd7 9. b3 h6 10. Bb2 0-0 11. Ne4 f5 12. Ned2 e5 13. dxe5 dxe5 14. Be2 g5 15. h3 Ng6 16. Rad1 h5 17. Nh2 g4 18. hxg4 hxg4 19. Bxg4 Nh4 20. Bh3 Qg5 21. Ndf3 Nxf3+ 22. Nxf3 Bxf3 23. Rxd7 Rae8 24. Rfd1 Bxd1 25. Qxd1 Rd8 26. Qd5+ Kh8 27. f4 Rxd7 28. Qxd7 exf4 29. exf4 Qg3 30. Ba3 Qe3+ 31. Kh1 Bd4 0-1

[Event "Ostrava Konik op-A"]
[Site "Ostrava"]
[Date "2016.05.02"]
[Round "3"]
[White "Olsar, Zdenek"]
[Black "Dobes, Ludek"]
[Result "1/2-1/2"]
[WhiteElo "1960"]
[BlackElo "2012"]
[PlyCount "55"]
[EventDate "2016.04.30"]
[EventType "swiss"]
[EventRounds "9"]
[EventCountry "CZE"]
[SourceTitle "CBM 172 Extra"]
[Source "ChessBase"]
[SourceDate "2016.06.21"]
[SourceVersion "1"]
[SourceVersionDate "2016.06.21"]
[SourceQuality "1"]

1. e4 c5 2. Nf3 d6 3. Nc3 Nf6 4. d4 cxd4 5. Nxd4 a6 6. Bg5 e6 7. f4 Nbd7 8. Qe2 Qc7 9. 0-0-0 b5 10. a3 Bb7 11. g4 0-0-0 12. Bg2 Kb8 13. Bh4 Rc8 14. Kb1 Nb6 15. g5 Nfd7 16. Bf2 Nc4 17. Be1 Be7 18. h4 h6 19. g6 Nc5 20. gxf7 Bf6 21. Rh3 Qxf7 22. Ndxb5 axb5 23. Nxb5 d5 24. b3 Nxa3+ 25. Nxa3 Nxe4 26. Bxe4 dxe4 27. Nc4 Rhd8 28. Ba5 1/2-1/2

[Event "CZE-chT2F 1415"]
[Site "Czech Republic"]
[Date "2015.03.29"]
[Round "10.65"]
[White "Vesely, Martin"]
[Black "Dobes, Ludek"]
[Result "1-0"]
[WhiteElo "2114"]
[BlackElo "2042"]
[PlyCount "67"]
[EventDate "2014.11.02"]
[EventType "team-tourn"]
[EventRounds "11"]
[EventCountry "CZE"]
[SourceTitle "EXT 2022"]
[Source "ChessBase"]
[SourceDate "2021.10.06"]
[SourceVersion "1"]
[SourceVersionDate "2021.10.06"]
[SourceQuality "1"]
[WhiteTeam "Ostrava TJ Nova Hut"]
[BlackTeam "Poruba Slavoj II"]
[WhiteTeamCountry "CZE"]
[BlackTeamCountry "CZE"]

1. d4 Nf6 2. Nf3 g6 3. c4 Bg7 4. Nc3 d6 5. e4 0-0 6. Be2 Na6 7. 0-0 c5 8. d5 Nc7 9. h3 e5 10. Rb1 Nfe8 11. a3 f5 12. b4 f4 13. bxc5 dxc5 14. Bb2 b6 15. Nb5 Nxb5 16. cxb5 Qe7 17. d6 Qxd6 18. Bc4+ Kh8 19. Nxe5 Qe7 20. Bd5 Bb7 21. Nc6 Bxc6 22. Bxg7+ Nxg7 23. bxc6 Rac8 24. Qb3 f3 25. g3 h6 26. Rfe1 Nh5 27. Re3 Qf6 28. e5 Qf5 29. Be6 Qg5 30. h4 Qe7 31. Bxc8 Rxc8 32. Rxf3 Qxe5 33. Rd1 Nf6 34. Qf7 1-0

[Event "Ostrava Konik op"]
[Site "Ostrava"]
[Date "2014.04.27"]
[Round "2"]
[White "Dobes, Ludek"]
[Black "Cech, Jan"]
[Result "1-0"]
[WhiteElo "2066"]
[BlackElo "1615"]
[PlyCount "85"]
[EventDate "2014.04.26"]
[EventType "swiss"]
[EventRounds "9"]
[EventCountry "CZE"]
[SourceTitle "CBM 160 Extra"]
[Source "ChessBase"]
[SourceDate "2014.07.01"]
[SourceVersion "1"]
[SourceVersionDate "2014.07.01"]
[SourceQuality "1"]

1. Nf3 Nf6 2. d4 d6 3. c4 g6 4. Nc3 Bg7 5. g3 0-0 6. Bg2 c6 7. 0-0 Bg4 8. h3 Bf5 9. Nh4 Bc8 10. e4 Nbd7 11. Be3 Nb6 12. b3 e5 13. Qd2 Re8 14. Rad1 Qc7 15. Qc2 a6 16. Rd2 Be6 17. d5 cxd5 18. cxd5 Bd7 19. Rc1 Rac8 20. Qd1 Na8 21. Rdc2 Qb8 22. a4 b5 23. a5 b4 24. Na2 Qb5 25. Rxc8 Rxc8 26. Rxc8+ Bxc8 27. Qc2 Bd7 28. Bd2 Qxa5 29. Nxb4 Qb6 30. Nc6 Bxc6 31. dxc6 Nc7 32. Be3 Qb4 33. Bf3 Qa5 34. Ng2 Bf8 35. Qc4 Qb5 36. Qxb5 axb5 37. Bb6 Nfe8 38. Ne3 Be7 39. Be2 Bg5 40. Nd5 Bd8 41. Bxb5 Kf8 42. Bc4 Nxd5 43. Bxd8 1-0

[Event "Ostrava Konik op-A"]
[Site "Ostrava"]
[Date "2012.05.01"]
[Round "4"]
[White "Dobes, Ludek"]
[Black "Lys, Josef"]
[Result "0-1"]
[WhiteElo "2069"]
[BlackElo "2191"]
[PlyCount "88"]
[EventDate "2012.04.28"]
[EventType "swiss"]
[EventRounds "9"]
[EventCountry "CZE"]
[SourceTitle "CBM 148 Extra"]
[Source "ChessBase"]
[SourceDate "2012.06.22"]
[SourceVersion "1"]
[SourceVersionDate "2012.06.22"]
[SourceQuality "1"]

1. d4 Nf6 2. Nf3 d5 3. c4 dxc4 4. Nc3 Bf5 5. g3 Ne4 6. Qa4+ Nd7 7. Qxc4 e6 8. Bg2 Be7 9. 0-0 0-0 10. Bf4 c6 11. Qb3 Qb6 12. Qxb6 axb6 13. Rfc1 Ra5 14. Nxe4 Bxe4 15. Ne5 Nf6 16. f3 Bg6 17. Nc4 Ra6 18. e4 Rfa8 19. Bd6 Kf8 20. Bxe7+ Kxe7 21. a3 Nd7 22. Ne3 Ra4 23. Rd1 e5 24. d5 Nc5 25. dxc6 bxc6 26. Rac1 Rd4 27. Nc4 Nd7 28. Ne3 c5 29. Nc2 Rxd1+ 30. Rxd1 f6 31. Bh3 Ra7 32. Ne3 Be8 33. Nf5+ Kf8 34. Nd6 Nb8 35. Nc8 Rc7 36. Nxb6 Rb7 37. Nc4 Bf7 38. Rc1 Rb3 39. Nd6 Nc6 40. Rxc5 Nd4 41. Rc7 Nxf3+ 42. Kf2 Ng5 43. Bf1 Rxb2+ 44. Be2 Bh5 0-1

[Event "Ostrava Konik op-A"]
[Site "Ostrava"]
[Date "2012.04.30"]
[Round "3"]
[White "Bukhteeva, Viktoria"]
[Black "Dobes, Ludek"]
[Result "0-1"]
[WhiteElo "2173"]
[BlackElo "2069"]
[PlyCount "82"]
[EventDate "2012.04.28"]
[EventType "swiss"]
[EventRounds "9"]
[EventCountry "CZE"]
[SourceTitle "CBM 148 Extra"]
[Source "ChessBase"]
[SourceDate "2012.06.22"]
[SourceVersion "1"]
[SourceVersionDate "2012.06.22"]
[SourceQuality "1"]

1. e4 c5 2. Nf3 d6 3. d4 cxd4 4. Nxd4 Nf6 5. Nc3 a6 6. Bg5 Nbd7 7. f4 b5 8. Qf3 Bb7 9. a3 e6 10. 0-0-0 Qc7 11. g4 0-0-0 12. Bxf6 Nxf6 13. g5 Nd7 14. h4 Kb8 15. Rh3 Rc8 16. Qf2 Nc5 17. Bg2 Be7 18. Kb1 Qb6 19. f5 e5 20. Nde2 Na4 21. Qf1 Nxc3+ 22. Nxc3 Rhd8 23. f6 gxf6 24. gxf6 Bf8 25. Rhd3 Rc4 26. Qe1 Rdc8 27. b3 R4c5 28. Bh3 R8c7 29. Kb2 b4 30. axb4 Qxb4 31. Ra1 Ra5 32. Rxa5 Qxa5 33. Qg3 Qc5 34. Qg8 d5 35. exd5 Bxd5 36. Kb1 Ka7 37. Qg3 Bb7 38. Qe3 Qxe3 39. Rxe3 Bh6 40. Rg3 Bf4 41. Rd3 e4 0-1

[Event "CZE-chT2F 1112"]
[Site "Czech Republic"]
[Date "2012.04.22"]
[Round "11.56"]
[White "Oczko, Zdenek"]
[Black "Dobes, Ludek"]
[Result "1/2-1/2"]
[WhiteElo "1742"]
[BlackElo "2069"]
[PlyCount "120"]
[EventDate "2011.10.09"]
[EventType "team-tourn"]
[EventRounds "11"]
[EventCountry "CZE"]
[SourceTitle "EXT 2013"]
[Source "ChessBase"]
[SourceDate "2012.11.22"]
[SourceVersion "1"]
[SourceVersionDate "2012.11.22"]
[SourceQuality "1"]
[WhiteTeam "Havirov II"]
[BlackTeam "Poruba VOKD"]
[WhiteTeamCountry "CZE"]
[BlackTeamCountry "CZE"]

1. e4 c5 2. Nf3 d6 3. d4 cxd4 4. Nxd4 Nf6 5. Nc3 a6 6. g3 e6 7. Bg2 Be7 8. Be3 0-0 9. h3 Nbd7 10. Qd2 Qc7 11. 0-0-0 Rb8 12. f4 Re8 13. g4 Nc5 14. g5 Nfd7 15. b4 Nb6 16. bxc5 dxc5 17. Nb3 c4 18. Nd4 Bb4 19. Nde2 Na4 20. Bd4 Qa5 21. Qe3 Ba3+ 22. Kd2 e5 23. fxe5 Rd8 24. Ke1 Be6 25. Kf1 Rxd4 26. Qxd4 Bc5 27. Qd2 Bb4 28. a3 Bxc3 29. Nxc3 Nxc3 30. Qd6 Re8 31. Rd2 Nb5 32. Qb4 Qc7 33. a4 Na7 34. Qd6 Qa5 35. Kf2 Nc6 36. Rhd1 g6 37. Qa3 Qxe5 38. Qe3 Qa5 39. Rb1 Re7 40. c3 Qxa4 41. Rb6 Qa5 42. Rdb2 Ne5 43. Bf1 Rd7 44. Rxb7 Nd3+ 45. Bxd3 Rxd3 46. Rb8+ Kg7 47. Qf4 Qxc3 48. e5 Qd4+ 49. Qxd4 Rxd4 50. Re8 Rf4+ 51. Kg3 Rf5 52. h4 Bd7 53. Re7 c3 54. Rc2 Be6 55. Rxc3 Rxe5 56. Rc6 Re4 57. Rxa6 Kf8 58. Raa7 Rg4+ 59. Kh3 Re4+ 60. Kg3 Rg4+ 1/2-1/2

[Event "CZE-chT2F 1112"]
[Site "Czech Republic"]
[Date "2011.11.06"]
[Round "2.8"]
[White "Dobes, Ludek"]
[Black "Stukner, Simon"]
[Result "0-1"]
[WhiteElo "2069"]
[BlackElo "2136"]
[PlyCount "48"]
[EventDate "2011.10.09"]
[EventType "team-tourn"]
[EventRounds "11"]
[EventCountry "CZE"]
[SourceTitle "EXT 2013"]
[Source "ChessBase"]
[SourceDate "2012.11.22"]
[SourceVersion "1"]
[SourceVersionDate "2012.11.22"]
[SourceQuality "1"]
[WhiteTeam "Poruba VOKD"]
[BlackTeam "Frydek Mistek II"]
[WhiteTeamCountry "CZE"]
[BlackTeamCountry "CZE"]

1. d4 Nf6 2. Nf3 e6 3. c4 b6 4. Nc3 Bb4 5. Bg5 Bb7 6. e3 Bxc3+ 7. bxc3 h6 8. Bh4 d6 9. Bd3 Nbd7 10. 0-0 Qe7 11. Nd2 g5 12. Bg3 h5 13. h3 0-0-0 14. a4 a5 15. Rb1 Rdg8 16. c5 dxc5 17. Nc4 h4 18. Be5 g4 19. hxg4 Rxg4 20. f3 Rg3 21. Kf2 Nxe5 22. Nxe5 Rhg8 23. Ke2 Rxg2+ 24. Rf2 Nd5 0-1

[Event "Ostrava Konik op-A"]
[Site "Ostrava"]
[Date "2011.05.07"]
[Round "8"]
[White "Miculka, David"]
[Black "Dobes, Ludek"]
[Result "0-1"]
[WhiteElo "1860"]
[BlackElo "2075"]
[PlyCount "114"]
[EventDate "2011.04.30"]
[EventType "swiss"]
[EventRounds "9"]
[EventCountry "CZE"]
[SourceTitle "CBM 142 Extra"]
[Source "ChessBase"]
[SourceDate "2011.06.27"]
[SourceVersion "1"]
[SourceVersionDate "2011.06.27"]
[SourceQuality "1"]

1. e4 c5 2. Nf3 d6 3. d4 cxd4 4. Nxd4 Nf6 5. Nc3 e6 6. Bc4 Be7 7. Bb3 Nc6 8. Be3 Nxd4 9. Bxd4 0-0 10. 0-0 Qa5 11. Qe2 Bd7 12. Rfe1 Qg5 13. Ba4 Bxa4 14. Nxa4 b5 15. Nc3 b4 16. Nd1 Qa5 17. e5 dxe5 18. Qxe5 Qxe5 19. Bxe5 Rfd8 20. Ne3 Nd5 21. Nxd5 Rxd5 22. Rad1 Rad8 23. Rxd5 Rxd5 24. Kf1 Ra5 25. a3 bxa3 26. bxa3 Bxa3 27. Ra1 Rxe5 28. Rxa3 a5 29. f3 g5 30. Kf2 Kg7 31. c4 Kf6 32. Rc3 Rc5 33. Ke3 Ke5 34. Kd3 f5 35. Rc2 Kd6 36. Kd4 e5+ 37. Kd3 Rc7 38. Rb2 Rc6 39. Rb7 Ra6 40. Rxh7 Kc5 41. Rb7 a4 42. Rb5+ Kd6 43. Rd5+ Ke6 44. Kc3 a3 45. Rd1 a2 46. Kb2 e4 47. fxe4 fxe4 48. Ra1 Kd6 49. Kc2 Kc5 50. Kc3 Ra4 51. Kb3 Rb4+ 52. Ka3 Rb8 53. h3 e3 54. g3 e2 55. h4 gxh4 56. gxh4 Kxc4 57. h5 Kc3 0-1

[Event "CZE-chT2F 0910"]
[Site "Czech Republic"]
[Date "2010.03.28"]
[Round "10.8"]
[White "Dobes, Ludek"]
[Black "Ludwig, Petr"]
[Result "1/2-1/2"]
[WhiteElo "2070"]
[BlackElo "1991"]
[PlyCount "62"]
[EventDate "2009.10.18"]
[EventType "team-tourn"]
[EventRounds "11"]
[EventCountry "CZE"]
[SourceTitle "EXT 2012"]
[Source "ChessBase"]
[SourceDate "2011.11.24"]
[SourceVersion "1"]
[SourceVersionDate "2011.11.24"]
[SourceQuality "1"]
[WhiteTeam "Poruba VOKD"]
[BlackTeam "Bruntal"]
[WhiteTeamCountry "CZE"]
[BlackTeamCountry "CZE"]

1. d4 Nf6 2. Nf3 d5 3. c4 e6 4. cxd5 exd5 5. Nc3 c6 6. Bg5 Be7 7. Qc2 0-0 8. e3 h6 9. Bf4 Nbd7 10. Bd3 Re8 11. 0-0-0 b5 12. Nxb5 Bb7 13. Nc7 Rc8 14. Nxe8 Qxe8 15. Kb1 Nb6 16. Bf5 Ra8 17. Ne5 Bf8 18. g4 Ne4 19. Bxe4 dxe4 20. Nc4 Ba6 21. Nxb6 axb6 22. h3 Qe6 23. b3 Qd5 24. Rh2 Rc8 25. f3 Bd3 26. Rxd3 exd3 27. Qxd3 Qxf3 28. Qe2 Qe4+ 29. Qc2 Qf3 30. Qe2 Qe4+ 31. Qc2 Qf3 1/2-1/2

[Event "Moravia-Silesia Region-chT 0708"]
[Site "Czech Republic"]
[Date "2008.03.30"]
[Round "10.7"]
[White "Premus, Jan"]
[Black "Dobes, Ludek"]
[Result "1/2-1/2"]
[WhiteElo "1893"]
[BlackElo "2073"]
[PlyCount "40"]
[EventDate "2007.10.28"]
[EventType "team-tourn"]
[EventRounds "11"]
[EventCountry "CZE"]
[SourceTitle "EXT 2024"]
[Source "ChessBase"]
[SourceDate "2023.10.10"]
[SourceVersion "1"]
[SourceVersionDate "2023.10.10"]
[SourceQuality "1"]

1. e4 c5 2. Nc3 d6 3. f4 e6 4. Nf3 Nf6 5. e5 Nd5 6. Bb5+ Bd7 7. Bxd7+ Qxd7 8. d3 Nc6 9. 0-0 0-0-0 10. Nxd5 exd5 11. c3 dxe5 12. Nxe5 Qe6 13. d4 f5 14. a3 Nxe5 15. fxe5 Be7 16. b4 c4 17. Qh5 g6 18. Qh3 Rdf8 19. Ra2 Rf7 20. Raf2 h5 1/2-1/2

[Event "CZE-chT2f 0607"]
[Site "Czech Republic"]
[Date "2007.02.11"]
[Round "7.4"]
[White "Vaclavik, Ales"]
[Black "Dobes, Ludek"]
[Result "0-1"]
[WhiteElo "1976"]
[BlackElo "2087"]
[PlyCount "82"]
[EventDate "2006.10.14"]
[EventType "team"]
[EventRounds "11"]
[EventCountry "CZE"]
[SourceTitle "EXT 2009"]
[Source "ChessBase"]
[SourceDate "2008.11.26"]
[SourceVersion "1"]
[SourceVersionDate "2008.11.26"]
[SourceQuality "1"]

1. e4 c5 2. b4 cxb4 3. Bc4 e6 4. Bb3 d6 5. a3 Nf6 6. Qe2 Nc6 7. Nf3 d5 8. e5 Nd7 9. axb4 Bxb4 10. c3 Be7 11. d4 Na5 12. Bc2 Nc4 13. h4 h6 14. g4 g6 15. Na3 Nxa3 16. Bxa3 Bxa3 17. Rxa3 Nb6 18. Nd2 Qc7 19. f4 a6 20. f5 exf5 21. h5 Nc4 22. Nxc4 dxc4 23. hxg6 fxg6 24. d5 Qc5 25. Ra1 Qxd5 26. Rf1 0-0 27. Rd1 Qf7 28. gxf5 gxf5 29. Rg1+ Kh7 30. Rd6 Be6 31. Rd4 Rg8 32. Rh1 Rg6 33. Rdh4 Rag8 34. Qh2 Qg7 35. Kf1 Rf8 36. Rh5 Bd5 37. Rxf5 Bxh1 38. Qxh1 Kh8 39. Rxf8+ Qxf8+ 40. Ke1 Qf4 41. Bxg6 Qc1+ 0-1

[Event "Morava-chT 9899"]
[Site "Czech Republic"]
[Date "1999.??.??"]
[Round "11"]
[White "Rehurek, Lukas"]
[Black "Dobes, Ludek"]
[Result "1-0"]
[WhiteElo "2120"]
[BlackElo "2155"]
[PlyCount "107"]
[EventDate "1998.??.??"]
[EventType "team-tourn"]
[EventRounds "11"]
[EventCountry "CZE"]
[SourceTitle "EXT 2000"]
[Source "ChessBase"]
[SourceDate "1999.11.16"]
[SourceVersion "1"]
[SourceVersionDate "1999.11.16"]
[SourceQuality "1"]

1. e4 c5 2. Nf3 d6 3. d4 cxd4 4. Nxd4 Nf6 5. Nc3 a6 6. Be2 e5 7. Nb3 Be7 8. 0-0 0-0 9. f4 b5 10. Be3 Bb7 11. Bf3 Nbd7 12. a3 Rc8 13. Qe1 Nb6 14. Na5 Ba8 15. Rd1 Qc7 16. Rf2 d5 17. exd5 exf4 18. Bxb6 Qxb6 19. Qxe7 Qxa5 20. Qd6 Qc7 21. Qxa6 Rb8 22. d6 Qb6 23. Qxb6 Rxb6 24. Bxa8 Rxa8 25. Rxf4 Rd8 26. Rfd4 Rd7 27. Nd5 Nxd5 28. Rxd5 f6 29. c3 Kf7 30. Kf2 Ke6 31. Ke3 g6 32. R1d4 h5 33. h4 Rbb7 34. Kd3 Rb6 35. Ke4 Rbb7 36. g3 Rb8 37. Rb4 Rxd6 38. Rdxb5 Re8 39. Rb7 g5 40. hxg5 fxg5 41. R4b6 Kf6+ 42. Kf3 Ree6 43. Rxd6 Rxd6 44. a4 Rd3+ 45. Kf2 Kf5 46. a5 Rd6 47. Rb6 Rd5 48. a6 Ra5 49. Kf3 Ra1 50. b4 Rf1+ 51. Kg2 Ra1 52. Rb5+ Kg4 53. Ra5 Rc1 54. a7 1-0